000 00635nam a2200241Ia 4500
003 OSt
005 20221006144657.0
006 a|||||r|||| 00| 0
007 ta
008 221006b |||||||| |||| 00| 0 eng d
020 _c
_17.40
024 _a12,342
037 _cTextual
040 _aEASL
_cEASL
_beng
041 _2eng
_aeng
082 _aV41.N11, L7
100 _aPratt Helen
_9652589
245 0 _aChina and her unfinished revolution
260 _aWashington
_bAmerican Council Institute
_c1977
300 _a174p.
_ccm.
942 _hV41.N11, L7
_cTEXL
_2CC
999 _c1080428
_d1080428